000 00459nam a2200157Ia 4500
999 _c844
_d844
003 OSt
005 20200915130429.0
008 190216s9999||||xx |||||||||||||| ||und||
040 _coclc
082 _a492.7
_bJAB/E
100 _aJabbar, N Abdul
_94599
245 0 _aEasy Communication In Arabic And English /
_cN Abdul Jabbar
260 _bDarul Adeeb,
_c2009.
_aTirur:
650 _aArabic
942 _cBK
_2ddc
_h492.7
_iJAB/E
_k492.7
_mJAB/E